000 00322nam a22001337a 4500
999 _c12183
_d12183
020 _a978-93259-9020-3
082 _a621.38
100 _aRohit Khurana
245 _aElectronic Instrumentation and Measurement
260 _aNew Delhi
_bVikas
_c2015
300 _a536
650 _aElectrical Engineering
942 _cBK